000 00779cab a2200229 4500
001 ABS39350
008 090401t1988 xxu||||| |||| 00| 0 eng d
035 _a(Sirsi) u16082
041 _aeng
100 _aBeckett, R.
245 _aPurchasing land for development: necessary preliminaries
260 _c1988
350 _a0
490 _aSolicitors` Journal
_v132(23) 10 June 1988, 834-837(3)
520 _aFirst of a series on the development of land . Written from a developer`s point of view, the author considers factors involved in initial site acquisition and the conditions of contract .
650 _aHERON GARAGE PROPERTIES LTD V MOSS
650 _aINVESTMENT
650 _aLAW
690 _aPLANNING LAW AND PRACTICE
942 _n0
948 _c04/03/1997
999 _c10576
_d10576